00864nam a22002297a 450000500170000001000150001702000260003203500140005803700090007208200080008110000320008924500930012125000060021426000490022027000910026930000280036050000290038870000260041794200220044399900190046595201500048420250128144218.0 aENG-143655 a9789355016218c225.00 aEN-127187 bDBAD a547 aPradeep Pratap Singh977229 a Basic Concepts of Organic Chemistry Semester - I/cBy Pradeep Pratap Singh [and] Ambika a1 aNew Delhic2023bS Chand And Company Limited bNew DelhiaA-27, 2nd Floor, Mohan Co-operative Industrial Estatee110044k011-49731800 a209p.c23cm (pb)bIndex aNEP University of Delhi) aAmbikaeAuthor977225 2ddccENh547mPRA c208847d208847 001040708NFICaLbLd2025-01-28eDelivery of Books Act Divisiong225.00l0o547 PRApEN-127187r2025-01-28 00:00:00t1v225.00w2025-01-28yEN